[Event "MCR mladeze v rapidu 2019"]
[Site "Trest"]
[Date "2019.09.07"]
[Round "1"]
[White "Pelc, Adam"]
[Black "Smolik, Jachym"]
[Result "0-1"]
[BlackElo "1873"]
[WhiteElo "1538"]
[LiveChessVersion "1.4.8"]

1. d4 {[%clk 0:20:04]} Nf6 {[%clk 0:20:09]} 2. c4 {[%clk 0:20:04]} e6
{[%clk 0:20:12]} 3. Nc3 {[%clk 0:19:33]} Bb4 {[%clk 0:20:15]} 4. Bd2
{[%clk 0:18:23]} O-O {[%clk 0:18:34]} 5. Nf3 {[%clk 0:16:44]} b6 {[%clk 0:17:09]}
6. e3 {[%clk 0:14:50]} Bxc3 {[%clk 0:14:59]} 7. Bxc3 {[%clk 0:14:22]} Ne4
{[%clk 0:14:55]} 8. Bd3 {[%clk 0:12:14]} f5 {[%clk 0:14:05]} 9. Bxe4
{[%clk 0:09:11]} fxe4 {[%clk 0:14:08]} 10. Nd2 {[%clk 0:08:50]} Qg5
{[%clk 0:13:25]} 11. g3 {[%clk 0:08:17]} d5 {[%clk 0:12:51]} 12. Qc2
{[%clk 0:07:31]} a5 {[%clk 0:08:41]} 13. h4 {[%clk 0:05:26]} Qh5 {[%clk 0:08:07]}
14. Qd1 {[%clk 0:05:12]} Qf5 {[%clk 0:07:46]} 15. Qe2 {[%clk 0:04:46]} Nc6
{[%clk 0:07:12]} 16. a3 {[%clk 0:04:44]} Ba6 {[%clk 0:06:06]} 17. b3
{[%clk 0:04:14]} a4 {[%clk 0:05:20]} 18. b4 {[%clk 0:03:58]} dxc4
{[%clk 0:04:38]} 19. Nxc4 {[%clk 0:03:11]} Qb5 {[%clk 0:04:15]} 20. Rc1
{[%clk 0:02:07]} Qxc4 {[%clk 0:04:17]} 21. Qxc4 {[%clk 0:02:11]} Bxc4
{[%clk 0:04:20]} 22. Bb2 {[%clk 0:02:15]} Bd5 {[%clk 0:04:18]} 23. b5
{[%clk 0:02:14]} Na5 {[%clk 0:04:15]} 24. Rxc7 {[%clk 0:02:07]} Nc4
{[%clk 0:04:17]} 25. Bc1 {[%clk 0:01:59]} Ra5 {[%clk 0:04:14]} 26. Bd2
{[%clk 0:01:30]} Nxd2 {[%clk 0:04:07]} 27. Kxd2 {[%clk 0:01:34]} Rxb5
{[%clk 0:04:06]} 28. Rhc1 {[%clk 0:01:28]} Rb2+ {[%clk 0:04:05]} 29. Ke1
{[%clk 0:01:29]} Rbxf2 {[%clk 0:04:05]} 30. Rc8 {[%clk 0:01:29]} Rf1+
{[%clk 0:04:00]} 31. Kd2 {[%clk 0:01:30]} Rxc1 {[%clk 0:03:59]} 32. Rxf8+
{[%clk 0:01:33]} Kxf8 {[%clk 0:04:02]} 33. Kxc1 {[%clk 0:01:37]} Ke7
{[%clk 0:04:04]} 34. Kd2 {[%clk 0:01:41]} Kf6 {[%clk 0:04:09]} 35. g4
{[%clk 0:01:40]} b5 {[%clk 0:03:50]} 36. Kc3 {[%clk 0:01:44]} Bc4
{[%clk 0:03:53]} 37. Kb4 {[%clk 0:01:43]} Ke7 {[%clk 0:03:42]} 38. Kc5
{[%clk 0:01:41]} Kd7 {[%clk 0:03:45]} 39. g5 {[%clk 0:01:40]} g6 {[%clk 0:03:36]}
40. Kb4 {[%clk 0:01:41]} Kc6 {[%clk 0:03:29]} 41. Kc3 {[%clk 0:01:33]} Kd5
{[%clk 0:03:29]} 42. Kb4 {[%clk 0:01:31]} e5 {[%clk 0:03:32]} 43. dxe5
{[%clk 0:01:35]} Kxe5 {[%clk 0:03:36]} 44. Kc5 {[%clk 0:01:37]} Kf5
{[%clk 0:03:38]} 45. Kd4 {[%clk 0:01:35]} Bd3 {[%clk 0:03:39]} 0-1

[Event "MCR mladeze v rapidu 2019"]
[Site "Trest"]
[Date "2019.09.07"]
[Round "1"]
[White "Stavova, Marketa"]
[Black "Havelkova, Beata"]
[Result "0-1"]
[BlackElo "1541"]
[WhiteElo "1341"]
[LiveChessVersion "1.4.8"]

1. e4 {[%clk 0:20:08]} c5 {[%clk 0:20:08]} 2. Nf3 {[%clk 0:20:10]} d6
{[%clk 0:20:07]} 3. Nc3 {[%clk 0:20:12]} Nf6 {[%clk 0:20:05]} 4. d3
{[%clk 0:20:13]} Nc6 {[%clk 0:19:45]} 5. g3 {[%clk 0:20:13]} g6 {[%clk 0:19:40]}
6. Bg2 {[%clk 0:20:14]} Bg7 {[%clk 0:19:31]} 7. O-O {[%clk 0:20:11]} O-O
{[%clk 0:19:23]} 8. Be3 {[%clk 0:19:42]} Ng4 {[%clk 0:18:40]} 9. Qd2
{[%clk 0:19:22]} Nxe3 {[%clk 0:18:10]} 10. fxe3 {[%clk 0:19:17]} Bg4
{[%clk 0:16:35]} 11. Rab1 {[%clk 0:17:56]} Qa5 {[%clk 0:15:02]} 12. Nd5
{[%clk 0:15:48]} Qxd2 {[%clk 0:11:47]} 13. Nxd2 {[%clk 0:15:50]} Bd7
{[%clk 0:10:07]} 14. Nf4 {[%clk 0:14:24]} Nb4 {[%clk 0:09:33]} 15. c3
{[%clk 0:13:25]} Nc6 {[%clk 0:08:58]} 16. d4 {[%clk 0:12:43]} cxd4
{[%clk 0:08:19]} 17. exd4 {[%clk 0:12:44]} e5 {[%clk 0:07:14]} 18. d5
{[%clk 0:10:47]} exf4 {[%clk 0:06:38]} 19. dxc6 {[%clk 0:10:49]} bxc6
{[%clk 0:06:21]} 20. Rxf4 {[%clk 0:10:47]} Bh6 {[%clk 0:05:56]} 21. Rf6
{[%clk 0:09:52]} Bxd2 {[%clk 0:05:55]} 22. Rxd6 {[%clk 0:09:53]} Be3+
{[%clk 0:05:53]} 23. Kh1 {[%clk 0:09:48]} Be6 {[%clk 0:05:22]} 24. b3
{[%clk 0:08:49]} Rac8 {[%clk 0:05:06]} 25. e5 {[%clk 0:08:07]} Bd5
{[%clk 0:04:11]} 26. c4 {[%clk 0:07:37]} Bxg2+ {[%clk 0:03:51]} 27. Kxg2
{[%clk 0:07:37]} Rfd8 {[%clk 0:02:52]} 28. Rbd1 {[%clk 0:07:25]} Bg5
{[%clk 0:02:11]} 29. h4 {[%clk 0:07:03]} Be7 {[%clk 0:02:13]} 30. Rd7
{[%clk 0:07:04]} Kf8 {[%clk 0:01:49]} 31. Rxd8+ {[%clk 0:05:39]} Rxd8
{[%clk 0:01:53]} 32. Rxd8+ {[%clk 0:05:42]} Bxd8 {[%clk 0:01:57]} 33. Kf3
{[%clk 0:05:42]} Ke7 {[%clk 0:02:01]} 34. Ke4 {[%clk 0:05:41]} Ke6
{[%clk 0:02:05]} 35. a4 {[%clk 0:05:40]} Bc7 {[%clk 0:02:08]} 36. g4
{[%clk 0:05:39]} Bxe5 {[%clk 0:02:10]} 37. h5 {[%clk 0:05:42]} gxh5
{[%clk 0:01:44]} 38. gxh5 {[%clk 0:05:45]} Bc3 {[%clk 0:01:32]} 39. c5
{[%clk 0:05:08]} a5 {[%clk 0:01:09]} 40. Kd3 {[%clk 0:05:11]} Bb4
{[%clk 0:01:06]} 41. Kd4 {[%clk 0:05:03]} f5 {[%clk 0:01:00]} 42. h6
{[%clk 0:04:56]} f4 {[%clk 0:00:53]} 43. Ke4 {[%clk 0:04:57]} Bd2
{[%clk 0:00:37]} 44. Kd3 {[%clk 0:04:48]} Be3 {[%clk 0:00:24]} 45. Ke4
{[%clk 0:04:32]} Kd7 {[%clk 0:00:21]} 46. Kf3 {[%clk 0:04:30]} Ke6
{[%clk 0:00:23]} 47. Ke4 {[%clk 0:04:32]} Bxc5 {[%clk 0:00:15]} 48. Kxf4
{[%clk 0:04:35]} Kd5 {[%clk 0:00:16]} 49. Kf5 {[%clk 0:04:41]} Bd4
{[%clk 0:02:01]} 50. Kf4 {[%clk 0:04:23]} c5 {[%clk 0:01:56]} 51. Kf3
{[%clk 0:04:22]} Ke5 {[%clk 0:01:48]} 52. Ke2 {[%clk 0:04:24]} Ke4
{[%clk 0:01:41]} 53. Kd2 {[%clk 0:04:25]} Kd5 {[%clk 0:01:28]} 54. Kd3
{[%clk 0:04:22]} Bf6 {[%clk 0:01:25]} 55. Kc2 {[%clk 0:03:48]} Kd4
{[%clk 0:01:24]} 56. Kb2 {[%clk 0:03:45]} Kd3+ {[%clk 0:01:20]} 57. Ka3
{[%clk 0:03:39]} Kc2 {[%clk 0:01:08]} 58. Ka2 {[%clk 0:03:38]} Kc1
{[%clk 0:01:00]} 59. Ka3 {[%clk 0:03:28]} Bg5 {[%clk 0:00:22]} 60. Ka2
{[%clk 0:03:30]} Bxh6 {[%clk 0:00:26]} 61. Ka3 {[%clk 0:03:31]} Bg5
{[%clk 0:00:30]} 62. b4 {[%clk 0:03:34]} cxb4+ {[%clk 0:00:33]} 63. Kb3
{[%clk 0:03:38]} h5 {[%clk 0:00:33]} 64. Kc4 {[%clk 0:03:41]} h4 {[%clk 0:00:37]}
65. Kb3 {[%clk 0:03:31]} h3 {[%clk 0:00:41]} 66. Ka2 {[%clk 0:03:32]} h2
{[%clk 0:00:42]} 67. Kb3 {[%clk 0:03:30]} h1=Q {[%clk 0:00:44]} 68. Ka2
{[%clk 0:03:21]} Qf3 {[%clk 0:00:33]} 69. Ka1 {[%clk 0:03:14]} Qa3# 0-1

[Event "MCR mladeze v rapidu 2019"]
[Site "Trest"]
[Date "2019.09.07"]
[Round "1"]
[White "Zelbova, Lada"]
[Black "Ticha, Sofie"]
[Result "1-0"]
[BlackElo "1340"]
[WhiteElo "1521"]
[LiveChessVersion "1.4.8"]

1. d4 {[%clk 0:20:08]} d5 {[%clk 0:20:08]} 2. Bf4 {[%clk 0:20:11]} Bf5
{[%clk 0:20:00]} 3. e3 {[%clk 0:20:07]} e6 {[%clk 0:19:56]} 4. Bd3
{[%clk 0:20:07]} Bg6 {[%clk 0:19:55]} 5. Nf3 {[%clk 0:19:57]} Bd6
{[%clk 0:19:49]} 6. Ne5 {[%clk 0:18:26]} Nf6 {[%clk 0:18:56]} 7. Nd2
{[%clk 0:16:52]} Nc6 {[%clk 0:18:23]} 8. O-O {[%clk 0:13:21]} O-O
{[%clk 0:18:04]} 9. Ndf3 {[%clk 0:11:43]} Re8 {[%clk 0:17:25]} 10. Nxg6
{[%clk 0:11:27]} fxg6 {[%clk 0:17:19]} 11. Ne5 {[%clk 0:10:57]} Rf8
{[%clk 0:17:03]} 12. h3 {[%clk 0:10:54]} Qe7 {[%clk 0:15:05]} 13. c3
{[%clk 0:10:00]} Rad8 {[%clk 0:13:05]} 14. Bh2 {[%clk 0:08:06]} Ne4
{[%clk 0:10:34]} 15. f3 {[%clk 0:07:23]} Nf6 {[%clk 0:09:53]} 16. b4
{[%clk 0:07:11]} a6 {[%clk 0:09:35]} 17. f4 {[%clk 0:06:05]} Ne4 {[%clk 0:09:07]}
18. Qc2 {[%clk 0:06:00]} Nf6 {[%clk 0:08:01]} 19. Nxc6 {[%clk 0:05:16]} bxc6
{[%clk 0:07:52]} 20. Bxa6 {[%clk 0:05:19]} Rb8 {[%clk 0:07:19]} 21. a4
{[%clk 0:04:58]} Qf7 {[%clk 0:05:58]} 22. a5 {[%clk 0:04:32]} h6 {[%clk 0:05:28]}
23. Qa4 {[%clk 0:03:44]} Qd7 {[%clk 0:05:19]} 24. Bd3 {[%clk 0:03:03]} Kh7
{[%clk 0:05:16]} 25. a6 {[%clk 0:02:40]} Ra8 {[%clk 0:05:12]} 26. Rfb1
{[%clk 0:02:23]} Rfb8 {[%clk 0:04:58]} 27. Ra2 {[%clk 0:02:09]} Qe8
{[%clk 0:04:12]} 28. Qc2 {[%clk 0:01:55]} Nh5 {[%clk 0:03:46]} 29. Rba1
{[%clk 0:01:31]} Qd7 {[%clk 0:03:38]} 30. Ra5 {[%clk 0:01:26]} Nf6
{[%clk 0:02:55]} 31. Bxg6+ {[%clk 0:01:28]} Kg8 {[%clk 0:02:57]} 32. Bd3
{[%clk 0:01:25]} Qe8 {[%clk 0:02:56]} 33. R1a2 {[%clk 0:01:11]} Qd7
{[%clk 0:02:50]} 34. b5 {[%clk 0:01:09]} cxb5 {[%clk 0:02:48]} 35. a7
{[%clk 0:00:54]} Rb7 {[%clk 0:02:47]} 36. Rb2 {[%clk 0:00:49]} Rbxa7
{[%clk 0:02:38]} 37. Raxb5 {[%clk 0:00:44]} Ra1+ {[%clk 0:01:48]} 38. Rb1
{[%clk 0:00:46]} Rxb1+ {[%clk 0:01:51]} 39. Qxb1 {[%clk 0:00:46]} Kf7
{[%clk 0:01:38]} 40. c4 {[%clk 0:00:49]} Qc8 {[%clk 0:01:08]} 41. c5
{[%clk 0:00:41]} Be7 {[%clk 0:01:11]} 42. Rb7 {[%clk 0:00:45]} Ne4
{[%clk 0:01:03]} 43. Bxe4 {[%clk 0:00:35]} dxe4 {[%clk 0:01:06]} 44. Qxe4
{[%clk 0:00:33]} Ra1+ {[%clk 0:01:01]} 45. Rb1 {[%clk 0:00:36]} Ra8
{[%clk 0:00:45]} 46. Qb7 {[%clk 0:00:39]} Qd8 {[%clk 0:00:42]} 47. f5
{[%clk 0:00:40]} exf5 {[%clk 0:00:44]} 48. Bxc7 {[%clk 0:00:40]} Qe8
{[%clk 0:00:46]} 49. Bd6 {[%clk 0:00:41]} Kf8 {[%clk 0:00:42]} 50. Bxe7+
{[%clk 0:00:39]} Qxe7 {[%clk 0:00:44]} 51. Qxe7+ {[%clk 0:00:41]} Kxe7
{[%clk 0:00:47]} 52. Rb7+ {[%clk 0:00:43]} Kf6 {[%clk 0:00:51]} 53. Kf2
{[%clk 0:00:37]} Ra2+ {[%clk 0:00:50]} 54. Kf3 {[%clk 0:00:41]} Ra6
{[%clk 0:00:48]} 55. Rb6+ {[%clk 0:00:43]} Rxb6 {[%clk 0:00:51]} 56. cxb6
{[%clk 0:00:47]} Ke7 {[%clk 0:00:53]} 57. b7 {[%clk 0:00:51]} Kd7
{[%clk 0:00:56]} 58. b8=Q {[%clk 0:00:53]} Ke6 {[%clk 0:00:59]} 59. Qb6+
{[%clk 0:00:57]} Kf7 {[%clk 0:01:02]} 60. Qc7+ {[%clk 0:01:00]} Kg6
{[%clk 0:01:04]} 61. Qd6+ {[%clk 0:01:03]} Kf7 {[%clk 0:01:07]} 62. Qd7+
{[%clk 0:01:07]} Kg6 {[%clk 0:01:11]} 63. Kf4 {[%clk 0:01:08]} Kh7
{[%clk 0:01:06]} 64. Qxf5+ {[%clk 0:01:11]} Kg8 {[%clk 0:01:10]} 65. g4
{[%clk 0:01:13]} Kh8 {[%clk 0:01:11]} 66. d5 {[%clk 0:01:15]} g6 {[%clk 0:01:11]}
67. Qxg6 {[%clk 0:01:12]} h5 {[%clk 0:01:14]} 68. Qxh5+ {[%clk 0:01:12]} Kg8
{[%clk 0:01:18]} 69. Kf5 {[%clk 0:01:14]} Kg7 {[%clk 0:01:20]} 70. Qe8
{[%clk 0:01:08]} Kh7 {[%clk 0:01:21]} 71. Qg6+ {[%clk 0:01:10]} Kh8
{[%clk 0:01:24]} 72. Qg5 {[%clk 0:01:14]} Kh7 {[%clk 0:01:27]} 73. Kf6
{[%clk 0:01:18]} Kh8 {[%clk 0:01:30]} 74. Qg7# 1-0

[Event "MCR mladeze v rapidu 2019"]
[Site "Trest"]
[Date "2019.09.07"]
[Round "1"]
[White "Spacilova, Klara"]
[Black "Sehnoutkova, Laura"]
[Result "0-1"]
[BlackElo "1462"]
[WhiteElo "1332"]
[LiveChessVersion "1.4.8"]

1. e4 {[%clk 0:20:07]} c5 {[%clk 0:20:09]} 2. Nf3 {[%clk 0:20:09]} Nc6
{[%clk 0:20:13]} 3. Nc3 {[%clk 0:20:00]} g6 {[%clk 0:20:11]} 4. Bc4
{[%clk 0:17:13]} Bg7 {[%clk 0:19:40]} 5. d3 {[%clk 0:16:17]} d6 {[%clk 0:17:48]}
6. Bd2 {[%clk 0:15:59]} Bd7 {[%clk 0:17:33]} 7. O-O {[%clk 0:14:44]} Nf6
{[%clk 0:17:02]} 8. Re1 {[%clk 0:14:13]} O-O {[%clk 0:16:36]} 9. Rb1
{[%clk 0:13:40]} a6 {[%clk 0:15:51]} 10. a3 {[%clk 0:13:23]} b5 {[%clk 0:14:30]}
11. Ba2 {[%clk 0:13:05]} Rb8 {[%clk 0:13:47]} 12. Nd5 {[%clk 0:10:02]} Be6
{[%clk 0:12:06]} 13. Nxf6+ {[%clk 0:09:52]} Bxf6 {[%clk 0:11:45]} 14. Bxe6
{[%clk 0:09:51]} fxe6 {[%clk 0:11:47]} 15. Bh6 {[%clk 0:09:08]} Bg7
{[%clk 0:10:32]} 16. Bxg7 {[%clk 0:09:09]} Kxg7 {[%clk 0:10:34]} 17. Ng5
{[%clk 0:09:05]} Qc8 {[%clk 0:09:28]} 18. Qg4 {[%clk 0:07:48]} Rf6
{[%clk 0:09:06]} 19. Qh3 {[%clk 0:07:46]} h6 {[%clk 0:08:30]} 20. Nf3
{[%clk 0:07:22]} Nd4 {[%clk 0:08:09]} 21. Nxd4 {[%clk 0:06:53]} cxd4
{[%clk 0:08:10]} 22. Rbc1 {[%clk 0:06:46]} e5 {[%clk 0:08:12]} 23. Qxc8
{[%clk 0:06:47]} Rxc8 {[%clk 0:08:15]} 24. Re2 {[%clk 0:05:00]} Rff8
{[%clk 0:07:44]} 25. Ra1 {[%clk 0:04:56]} Kf6 {[%clk 0:07:16]} 26. a4
{[%clk 0:04:13]} b4 {[%clk 0:07:13]} 27. a5 {[%clk 0:04:13]} e6 {[%clk 0:06:56]}
28. Ra4 {[%clk 0:04:15]} Rb8 {[%clk 0:06:53]} 29. Re1 {[%clk 0:04:07]} Rfc8
{[%clk 0:06:00]} 30. Rc1 {[%clk 0:04:10]} b3 {[%clk 0:06:01]} 31. Rc4
{[%clk 0:03:13]} Rxc4 {[%clk 0:05:38]} 32. dxc4 {[%clk 0:03:16]} bxc2
{[%clk 0:05:28]} 33. Rxc2 {[%clk 0:03:18]} Ke7 {[%clk 0:05:06]} 34. Kf1
{[%clk 0:03:21]} Kd7 {[%clk 0:05:10]} 35. Ke2 {[%clk 0:03:25]} Kc6
{[%clk 0:05:12]} 36. Kd3 {[%clk 0:03:21]} Kc5 {[%clk 0:04:35]} 37. Re2
{[%clk 0:02:04]} Rb4 {[%clk 0:04:28]} 38. Rc2 {[%clk 0:02:02]} Rb3+
{[%clk 0:03:28]} 39. Kd2 {[%clk 0:01:59]} d3 {[%clk 0:02:22]} 40. Rc3
{[%clk 0:01:52]} Rxc3 {[%clk 0:02:25]} 41. Kxc3 {[%clk 0:01:53]} d2
{[%clk 0:02:28]} 42. Kxd2 {[%clk 0:01:56]} Kxc4 {[%clk 0:02:32]} 43. Kc2
{[%clk 0:01:57]} d5 {[%clk 0:02:33]} 44. b3+ {[%clk 0:02:00]} Kd4
{[%clk 0:02:31]} 45. exd5 {[%clk 0:02:02]} exd5 {[%clk 0:02:34]} 46. f3
{[%clk 0:02:02]} e4 {[%clk 0:02:35]} 47. fxe4 {[%clk 0:02:03]} dxe4
{[%clk 0:02:38]} 48. Kd2 {[%clk 0:02:08]} g5 {[%clk 0:02:41]} 49. b4
{[%clk 0:02:11]} e3+ {[%clk 0:02:25]} 50. Ke2 {[%clk 0:02:15]} Kc4
{[%clk 0:02:27]} 51. Kxe3 {[%clk 0:02:12]} Kxb4 {[%clk 0:02:30]} 52. Ke4
{[%clk 0:02:17]} Kxa5 {[%clk 0:02:33]} 53. Kf5 {[%clk 0:02:21]} Kb4
{[%clk 0:02:37]} 54. Kg6 {[%clk 0:02:25]} a5 {[%clk 0:02:41]} 55. Kxh6
{[%clk 0:02:28]} a4 {[%clk 0:02:45]} 56. g3 {[%clk 0:02:28]} g4 {[%clk 0:02:48]}
57. Kg5 {[%clk 0:02:31]} a3 {[%clk 0:02:52]} 58. Kxg4 {[%clk 0:02:34]} a2
{[%clk 0:02:56]} 59. h4 {[%clk 0:02:38]} a1=Q {[%clk 0:02:59]} 60. h5
{[%clk 0:02:40]} Qg7+ {[%clk 0:03:02]} 61. Kh4 {[%clk 0:02:43]} Kc5
{[%clk 0:02:56]} 62. g4 {[%clk 0:02:43]} Kd5 {[%clk 0:02:56]} 63. g5
{[%clk 0:02:43]} Qd4+ {[%clk 0:02:53]} 64. Kg3 {[%clk 0:02:44]} Qe3+
{[%clk 0:02:40]} 65. Kg4 {[%clk 0:02:46]} Qe4+ {[%clk 0:02:41]} 66. Kg3
{[%clk 0:02:47]} Qf5 {[%clk 0:02:43]} 67. Kh4 {[%clk 0:02:47]} Qf4+
{[%clk 0:02:44]} 68. Kh3 {[%clk 0:02:50]} Qxg5 {[%clk 0:02:47]} 69. h6
{[%clk 0:02:54]} Qxh6+ {[%clk 0:02:51]} 70. Kg3 {[%clk 0:02:57]} Qf6
{[%clk 0:02:52]} 71. Kg4 {[%clk 0:03:00]} Kd4 {[%clk 0:02:54]} 72. Kg3
{[%clk 0:03:03]} Ke4 {[%clk 0:02:57]} 73. Kg2 {[%clk 0:03:06]} Ke3
{[%clk 0:03:01]} 74. Kg1 {[%clk 0:03:09]} Ke2 {[%clk 0:03:05]} 75. Kg2
{[%clk 0:03:11]} Qg6+ {[%clk 0:03:08]} 76. Kh3 {[%clk 0:03:15]} Kf2
{[%clk 0:03:11]} 77. Kh4 {[%clk 0:03:18]} Kf3 {[%clk 0:03:15]} 78. Kh3
{[%clk 0:03:21]} Qg3# {[%clk 0:03:17]} 0-1

[Event "MCR mladeze v rapidu 2019"]
[Site "Trest"]
[Date "2019.09.07"]
[Round "1"]
[White "Dudkova, Josefina"]
[Black "Vavrinkova, Marie"]
[Result "1-0"]
[BlackElo "1319"]
[WhiteElo "1407"]
[LiveChessVersion "1.4.8"]

1. e4 {[%clk 0:20:07]} e5 {[%clk 0:20:08]} 2. Nc3 {[%clk 0:20:02]} Nf6
{[%clk 0:19:59]} 3. Bc4 {[%clk 0:19:58]} Bb4 {[%clk 0:19:11]} 4. Nge2
{[%clk 0:18:21]} O-O {[%clk 0:18:21]} 5. d3 {[%clk 0:18:05]} c6 {[%clk 0:16:38]}
6. O-O {[%clk 0:15:47]} d5 {[%clk 0:16:09]} 7. exd5 {[%clk 0:13:05]} cxd5
{[%clk 0:15:48]} 8. Bb3 {[%clk 0:11:33]} Bf5 {[%clk 0:13:56]} 9. d4
{[%clk 0:10:35]} e4 {[%clk 0:12:04]} 10. Bg5 {[%clk 0:09:44]} Bxc3
{[%clk 0:08:48]} 11. Nxc3 {[%clk 0:09:09]} Be6 {[%clk 0:08:11]} 12. Bxf6
{[%clk 0:07:04]} gxf6 {[%clk 0:07:40]} 13. f3 {[%clk 0:05:45]} f5
{[%clk 0:06:54]} 14. fxe4 {[%clk 0:05:06]} fxe4 {[%clk 0:06:54]} 15. Qh5
{[%clk 0:04:41]} Nd7 {[%clk 0:03:04]} 16. Bxd5 {[%clk 0:03:45]} Nf6
{[%clk 0:02:47]} 17. Qg5+ 1-0

[Event "MCR mladeze v rapidu 2019"]
[Site "Trest"]
[Date "2019.09.07"]
[Round "1"]
[White "Zelba, Lukas"]
[Black "Andrle, Filip"]
[Result "1-0"]
[BlackElo "1426"]
[WhiteElo "1656"]
[LiveChessVersion "1.4.8"]

1. d4 {[%clk 0:19:58]} d5 {[%clk 0:19:57]} 2. Bf4 {[%clk 0:19:54]} Nf6
{[%clk 0:19:46]} 3. e3 {[%clk 0:19:53]} Nbd7 {[%clk 0:19:03]} 4. Nd2
{[%clk 0:19:39]} e6 {[%clk 0:18:49]} 5. c3 {[%clk 0:19:26]} Be7 {[%clk 0:18:27]}
6. Bd3 {[%clk 0:19:10]} b6 {[%clk 0:17:49]} 7. Ngf3 {[%clk 0:18:09]} c5
{[%clk 0:17:30]} 8. Ne5 {[%clk 0:17:54]} Bb7 {[%clk 0:16:34]} 9. Ndf3
{[%clk 0:17:46]} Nxe5 {[%clk 0:15:54]} 10. Nxe5 {[%clk 0:17:36]} Rc8
{[%clk 0:14:16]} 11. Qa4+ {[%clk 0:17:04]} Kf8 {[%clk 0:12:58]} 12. Qxa7
{[%clk 0:16:50]} Bc6 {[%clk 0:12:26]} 13. Nxc6 {[%clk 0:16:27]} Rxc6
{[%clk 0:12:23]} 14. Qa4 {[%clk 0:16:20]} Rc8 {[%clk 0:11:59]} 15. h3
{[%clk 0:15:17]} h6 {[%clk 0:11:11]} 16. Qd1 {[%clk 0:14:53]} c4 {[%clk 0:10:55]}
17. Bc2 {[%clk 0:14:37]} b5 {[%clk 0:10:53]} 18. O-O {[%clk 0:14:18]} g5
{[%clk 0:09:42]} 19. Be5 {[%clk 0:14:03]} Rg8 {[%clk 0:09:29]} 20. Bxf6
{[%clk 0:13:49]} Bxf6 {[%clk 0:09:30]} 21. e4 {[%clk 0:13:31]} Qd7
{[%clk 0:08:36]} 22. exd5 {[%clk 0:13:27]} exd5 {[%clk 0:08:38]} 23. Qf3
{[%clk 0:13:11]} Rc6 {[%clk 0:06:28]} 24. Bf5 {[%clk 0:13:12]} Qd6
{[%clk 0:06:26]} 25. Qg3 {[%clk 0:12:48]} Qd8 {[%clk 0:05:33]} 26. Bg4
{[%clk 0:12:32]} Be7 {[%clk 0:04:53]} 27. Rfe1 {[%clk 0:09:56]} Rh8
{[%clk 0:04:16]} 28. Qe5 {[%clk 0:09:19]} Bf6 {[%clk 0:03:46]} 29. Qf5
{[%clk 0:09:04]} h5 {[%clk 0:03:12]} 30. Qd7 {[%clk 0:07:10]} hxg4
{[%clk 0:01:22]} 31. Qxc6 {[%clk 0:07:14]} gxh3 {[%clk 0:01:25]} 32. g3
{[%clk 0:07:12]} h2+ {[%clk 0:01:01]} 33. Kh1 {[%clk 0:07:16]} Kg7
{[%clk 0:01:03]} 34. Re3 {[%clk 0:07:05]} Qg8 {[%clk 0:00:53]} 35. Qxd5
{[%clk 0:07:04]} Qh7 {[%clk 0:00:27]} 36. Qg2 {[%clk 0:06:46]} 1-0

[Event "MCR mladeze v rapidu 2019"]
[Site "Trest"]
[Date "2019.09.07"]
[Round "1"]
[White "Garabik, Marek"]
[Black "Juhanak, Daniel"]
[Result "0-1"]
[BlackElo "1635"]
[WhiteElo "1413"]
[LiveChessVersion "1.4.8"]

1. Nf3 {[%clk 0:20:06]} f5 {[%clk 0:19:53]} 2. d3 {[%clk 0:20:04]} Nf6
{[%clk 0:19:37]} 3. e4 {[%clk 0:20:03]} d6 {[%clk 0:18:34]} 4. exf5
{[%clk 0:19:52]} Bxf5 {[%clk 0:18:31]} 5. d4 {[%clk 0:19:47]} e6 {[%clk 0:17:35]}
6. Bd3 {[%clk 0:17:29]} Nc6 {[%clk 0:13:44]} 7. Bb5 {[%clk 0:16:53]} Be7
{[%clk 0:11:13]} 8. O-O {[%clk 0:16:29]} O-O {[%clk 0:10:36]} 9. Bxc6
{[%clk 0:16:18]} bxc6 {[%clk 0:10:38]} 10. Bf4 {[%clk 0:16:20]} Rb8
{[%clk 0:09:31]} 11. b3 {[%clk 0:14:33]} Ne4 {[%clk 0:08:48]} 12. Nfd2
{[%clk 0:13:39]} Nxd2 {[%clk 0:05:47]} 13. Qxd2 {[%clk 0:12:42]} Bxc2
{[%clk 0:04:12]} 14. Bxd6 {[%clk 0:10:53]} cxd6 {[%clk 0:04:06]} 15. Qxc2
{[%clk 0:10:47]} Bf6 {[%clk 0:03:49]} 16. Rd1 {[%clk 0:09:26]} c5
{[%clk 0:03:36]} 17. Nd2 {[%clk 0:06:25]} Bxd4 {[%clk 0:03:30]} 18. Nf3
{[%clk 0:04:09]} Bxa1 {[%clk 0:03:23]} 19. Rxa1 {[%clk 0:04:10]} Qf6
{[%clk 0:03:01]} 20. Re1 {[%clk 0:03:12]} e5 {[%clk 0:02:20]} 21. Qc4+
{[%clk 0:02:31]} Kh8 {[%clk 0:01:53]} 22. h3 {[%clk 0:01:58]} Rbe8
{[%clk 0:01:22]} 23. Qe4 {[%clk 0:01:20]} Qf5 {[%clk 0:00:51]} 24. Kf1
{[%clk 0:00:57]} Qxe4 {[%clk 0:00:31]} 25. Rxe4 {[%clk 0:01:00]} Rf4
{[%clk 0:00:35]} 26. Re2 {[%clk 0:00:44]} e4 {[%clk 0:00:31]} 27. Nd2
{[%clk 0:00:40]} d5 {[%clk 0:00:33]} 28. f3 {[%clk 0:00:35]} Rff8
{[%clk 0:00:21]} 29. Kf2 {[%clk 0:00:35]} exf3 {[%clk 0:00:20]} 30. Nxf3
{[%clk 0:00:33]} Rxe2+ {[%clk 0:00:21]} 31. Kxe2 {[%clk 0:00:37]} Re8+
{[%clk 0:00:25]} 32. Kd2 {[%clk 0:00:41]} d4 {[%clk 0:00:21]} 33. Ne1
{[%clk 0:00:25]} Rf8 {[%clk 0:00:16]} 34. Nf3 {[%clk 0:00:27]} Kg8
{[%clk 0:00:14]} 35. Kd3 {[%clk 0:00:29]} Kf7 {[%clk 0:00:12]} 36. Ne5+
{[%clk 0:00:30]} Ke6 {[%clk 0:00:15]} 37. Nf3 {[%clk 0:00:31]} Kd5
{[%clk 0:00:17]} 38. a3 {[%clk 0:00:19]} Re8 {[%clk 0:00:20]} 39. Ng5
{[%clk 0:00:14]} h6 {[%clk 0:00:23]} 40. Nf3 Re3+ 41. Kd2 {[%clk 0:00:18]} Rxb3
{[%clk 0:00:27]} 42. Nh4 {[%clk 0:00:20]} Rxa3 {[%clk 0:00:19]} 43. Nf5
{[%clk 0:00:21]} Ra2+ {[%clk 0:00:23]} 44. Ke1 {[%clk 0:00:23]} Rxg2
{[%clk 0:00:24]} 45. Ne7+ {[%clk 0:00:21]} Ke4 {[%clk 0:00:20]} 46. Nc6 d3
{[%clk 0:00:16]} 0-1

[Event "MCR mladeze v rapidu 2019"]
[Site "Trest"]
[Date "2019.09.07"]
[Round "1"]
[White "Vana, Jan"]
[Black "Jun, Rostislav"]
[Result "1-0"]
[BlackElo "1398"]
[WhiteElo "1620"]
[LiveChessVersion "1.4.8"]

1. b4 e5 2. Bb2 d6 3. e3 a6 4. c4 Nf6 5. Nf3 Be7 6. a3 O-O 7. d4 e4 8. Nfd2 Bg4
9. Qc2 d5 10. cxd5 Qxd5 11. Qxc7 Bd6 12. Qc4 Re8 13. Qxd5 Nxd5 14. Nc3 Nxc3 15.
Bxc3 f5 16. Nc4 Bc7 17. h3 Bh5 18. Be2 Bxe2 19. Kxe2 b5 20. Nd2 Nc6 21. Rac1 Ne7
22. Bb2 Bd6 23. Nb3 Rac8 24. Rxc8 Rxc8 25. Rc1 Rxc1 26. Bxc1 Nd5 27. Bd2 g5 28.
Nc5 Bxc5 29. bxc5 Kf7 30. Bb4 Ke8 31. Ba5 Kd7 32. Kd2 f4 33. Ke2 h5 34. Bd2 fxe3
35. Bxe3 g4 36. hxg4 hxg4 37. Bd2 Kc6 38. f3 exf3+ 39. gxf3 gxf3+ 40. Kxf3 Nf6
41. Kf4 Nd5+ 42. Ke5 Ne7 43. Ke4 Nd5 44. Kd3 Ne7 45. Kc3 Nd5+ 46. Kb3 Nc7 47. a4
bxa4+ 48. Kxa4 Kd5 49. Be3 Kc6 50. Ka5 Nd5 51. Bg1 Nc7 52. Bf2 Kb7 53. Bg3 Nd5
54. Be5 Ne7 55. Ka4 Nd5 56. Kb3 Kc6 57. Kc4 a5 58. Bg3 Ne3+ 59. Kd3 Nd5 60. Be1
1-0